| 000 | 00373pab a2200145 454500 | ||
|---|---|---|---|
| 008 | 180718b1991 xxu||||| |||| 00| 0 eng d | ||
| 100 | _aChaturvedi, J.P. | ||
| 245 | _aAmbedkar's contribution to national unity | ||
| 260 | _c1991 | ||
| 300 | _a29-32 | ||
| 362 | _a28 Sep. | ||
| 650 | _aAmbedkar, B.R. - Criticism And Interpretation | ||
| 773 | _aMainstream | ||
| 909 | _a4126 | ||
| 999 |
_c4126 _d4126 |
||